书目信息 |
| 题名: |
口语训练
|
|
| 作者: | 董兆杰 著 | |
| 分册: | ||
| 出版信息: | 北京 语文出版社 1986 |
|
| 页数: | 309页 | |
| 开本: | 19cm | |
| 丛书名: | ||
| 单 册: | ||
| 中图分类: | H193.2 | |
| 科图分类: | 41.278 | |
| 主题词: | 汉语-口语--训练--师范学校--教材 , 口语-汉语--训练--师范学校--教材 | |
| 电子资源: | ||
| ISBN: | ||
| 000 | 00703nam0 2200253 45 | |
| 001 | 0192001164 | |
| 005 | 20070710090417.71 | |
| 010 | @dCNY1.60 | |
| 091 | @aCN@b9240.039 | |
| 100 | @a19920115d1986 em y0chiy0121 ea | |
| 101 | 0 | @achi |
| 102 | @aCN | |
| 105 | @ay z 000yy | |
| 200 | 10 | @a口语训练@AKOU YU XUN LIAN@f董兆杰著@FDONG ZHAO JIE ZHU |
| 210 | @a北京@c语文出版社@d1986@h1987 | |
| 215 | @a309页@d19cm | |
| 540 | 1 | @a口语 训练@AKOU YU XUN LIAN |
| 606 | @a汉语-口语@x训练@x师范学校@x教材 | |
| 606 | @a口语-汉语@x训练@x师范学校@x教材 | |
| 690 | @aH193.2@v三版 | |
| 692 | @a41.278 | |
| 701 | 0 | @a董兆杰@ADONG ZHAO JIE@4著 |
| 801 | 0 | @aCN@bTSSF@c20070710 |
| 905 | @a10447@dH193.2@e251 | |
| 口语训练/董兆杰著.-北京:语文出版社,1986(1987) |
| 309页;19cm |
| ISBN :CNY1.60 |
| ● |
| 相关链接 |
|
|
|
|
正题名:口语训练
索取号:H193.2/251
 
预约/预借
| 序号 | 登录号 | 条形码 | 馆藏地/架位号 | 状态 | 备注 |
| 1 | 0765924 | 207659247 | 第二样本阅览室/ [索取号:H193.2/251] | 在馆 |